2026 INDYCAR Drivers - Statistics

General Stats
  • This quiz has been taken 14 times
  • The average score is 26 of 33
Answer Stats
Team Answer % Correct
Chip Ganassi Racing Alex Palou
100%
Team Penske Josef Newgarden
100%
AJ Foyt Racing Caio Collet
89%
Team Penske David Malukas
89%
Abel Motorsports Jacob Abel
89%
HMD With AJ Foyt Racing Katherine Legge
89%
Rahal Letterman Lanigan Mick Schumacher
89%
Arrow McLaren INDYCAR Team Pato O'Ward
89%
Arrow McLaren INDYCAR Team Ryan Hunter-Reay
89%
AJ Foyt Racing Santino Ferrucci
89%
Juncos Hollinger Racing Sting Ray Robb
89%
Andretti Will Power
89%
Arrow McLaren INDYCAR Team Christian Lundgaard
78%
ECR Ed Carpenter
78%
Meyer Shark Racing Felix Rosenqvist
78%
Rahal Letterman Lanigan Graham Rahal
78%
Meyer Shank Racing Helio Castroneves
78%
Andretti Kyle Kirkwood
78%
Andretti Marcus Ericsson
78%
Ganassi Racing Scott Dixon
78%
Rahal Letterman Racing Takuma Sato
78%
ECR Alexander Rossi
67%
ECR Christian Rasmussen
67%
Dreyer and Reinbolo Racing Conor Daly
67%
Dale Coyne Racing Dennis Hauger
67%
Chip Ganassi Racing Kyffin Simpson
67%
Meyer Shark Racing Marcus Armstrong
67%
Juncos Hollinger Racing Rinus Veekay
67%
Dale Coyne Racing Romain Grosjean
67%
Team Penske Scott McLaughlin
67%
Dreyer and Reinbolo Racing Jack Harvey
56%
Rahal Letterman Lanigan Louis Foster
56%
Arrow McLaren INDYCAR Team Nolan Siegel
56%
No matching quizzes found
Score Distribution
Percent of People with Each Score
Percentile by Number Answered
Your Score History
You have not taken this quiz